Movimientos populares: derecho, orden y moral vigentes: transición? Centroamérica

محفوظ في:
التفاصيل البيبلوغرافية
المؤلف الرئيسي: Sura Aguilar, Alejandro
التنسيق: نص
منشور في: San José: CSUCA
الوسوم: إضافة وسم
لا توجد وسوم, كن أول من يضع وسما على هذه التسجيلة!

MARC

LEADER 00000 a a2200000 04500
001 20876
003
040
090 |a 089405  
100 |a Sura Aguilar, Alejandro  
245 |a Movimientos populares: derecho, orden y moral vigentes: transición? Centroamérica  
260 |a San José:   |b CSUCA  
300 |a 33 p.  
500 |a El anexo en mfn 1752 con Nacceso 1996  
999 |c 10952  |d 10952